00559nam a2200181Ia 4500003000900000008004100009020001800050040001600068080001600084100001600100245011000116260003400226300001600260490003500276650004100311650001500352650001000367IN-BaIIA211028s9999 xx 000 0 eng d a3-540-13322-4 cIIA Library a532.59bKUR aKuramoto, Y 0aChemical oscillations, waves and turbulencecY. Kuramoto  aBerlinbSpringer-Verlagc1984 aviii, 156p. aSpringer series in synergetics aAstronomy and astrophysics thesaurus aTurbulence aWaves